Entisten valtioiden muotoja lipuilla - Statistics

Yleistilastot
  • Tätä visaa on pelattu 906 kertaa
  • Keskiarvotulos 9 / 16
Vastaustilastot
Kuvavisa Vastaus % Oikein
Neuvostoliitto
95%
Tšekkoslovakia
89%
Jugoslavia
85%
Skotlanti
79%
Itävalta-Unkari
78%
Itä-Saksa
70%
Texas
70%
Osmanien valtakunta
63%
Preussi
44%
Zaire
37%
Suur-Kolumbia
36%
Tiibet
35%
Etelä-Vietnam
27%
Newfoundland
22%
Pyhä saksalais-roomalainen keisarikunta
22%
Vermont
17%
Ehtoja vastaavia visoja ei löytynyt
Tulosjakauma
Jokaisen tuloksen saaneiden osuus
Persentiili vastausten määrän mukaan
Tuloshistoriasi
Et ole pelannut tätä visaa